000
00286nam a2200109Ia 4500
008
210430s9999 xx 000 0 und d
082
_a
621.483 M4788M
100
_a
McIntosh A.B.
_9
54963
245
_a
Materials For Nuclear Engineers
_c
McIntosh A.B.
260
_c
1960
942
_c
BK
_2
ddc
999
_c
565890
_d
565890